Fruit & Vegetable Ancestors - Picture Quiz - Statistics

General Stats
  • This quiz has been taken 842 times
  • The average score is 7 of 12
Answer Stats
Picture Hint Answer % Correct
Mexico. Gritty flesh, hard skin,
80% stone. Fit in palm of hand.
Avocado
97%
Americas. Much smaller and sweeter than commonly eaten variety today. Strawberry
93%
South America. Currant-sized.
Called "golden apple" by Italians.
Tomato
86%
Peru. 4,000 native Andean varieties. Originally small, bitter and often toxic. Potato
82%
Egypt. Divided into six sections. Originally cherry-sized. Watermelon
75%
South East Asia/Pacific.
Large seeds throughout.
Banana
68%
Persia. Root with multiple forks.
Originally purple or white.
Carrot
66%
Mexico. A wild grass called teosinte. Dry like potato. Maize/Corn
61%
South/West Europe. Pick a vegetable, this probably became it! Cabbage, Broccoli, Cauliflower, Kale, Brussels sprouts, Collard Greens, Savoy, Kohlrabi, Gai Lan
48%
India. Also coloured white, purple
and azure. Thorny stems.
Aubergine/Eggplant
26%
Bonus pic. Wild North American plant related to common vegetable. Cucumber (Wild Cucumber)
22%
China. Cherry-sized, waxy skin. Slightly salty and earthy, like a lentil. Peach/Nectarine
21%
No matching quizzes found
Score Distribution
Percent of People with Each Score
Percentile by Number Answered
Your Score History
You have not taken this quiz